000
00324nam a2200109Ia 4500
008
171211s9999 xx 000 0 und d
245
4
_a
The Message and the Book: Sacred Texts of the World's Religions
245
_c
John Bowker
260
_c
2012
650
_x
Religion
856
_u
http://down.ebook777.com/062/0300179294.pdf
999
_c
350504
_d
350504